000 00276nam a2200097Ia 4500
001 1300060
005 20260420095857.0
008 260420s9999 xx 000 0 und d
245 0 _aALPER - HER YEMEKTEN YEMEM GEREKİR Mİ
_cNURŞEN ŞİRİN
260 _bTİMAŞ ÇOCUK YAYINLARI
999 _c1300060
_d1300060